Amphibious sociology: dilemmas and possibilities of public sociology in a multimedia world /
Збережено в:
| Автор: | |
|---|---|
| Формат: | Текст |
| Теги: |
Додати тег
Немає тегів, Будьте першим, хто поставить тег для цього запису!
|
MARC
| LEADER | 00000 a a2200000 04500 | ||
|---|---|---|---|
| 001 | 46345 | ||
| 003 | |||
| 040 | |||
| 100 | |a Rodríguez-Garavito, César | ||
| 245 | |a Amphibious sociology: |b dilemmas and possibilities of public sociology in a multimedia world / |c César Rodríguez-Garavito | ||
| 773 | |g volumen62, número2 (2014), páginas 156-167 | ||
| 999 | |c 20887 |d 20887 | ||
